00694cam4a220022900 4500001001200000005001700012008004100029010001600070035001900086035002200105035002200127040000900149082000800158100007300166245002400239260004000263490004200303650004900345949004500394004000600439999001900445qce0183351420190826084130.0760525s1955 nyu 000 0 eng  a 55006771 a(Sirsi) r15511 a(QCAT)lss01263545 a(UPRA)qce01833514 dUPRA a5411 aKittsley, Scott Loren, 1921-dKittsley, Scott Loren, 1921-6A72260.110aPhysical chemistry. aNew York :bBarnes & Noble,c[1955]0 aCollege outline series ;v976S1906.1 0aChemistry, Physical and theoretical.6S517.1 aQD453wlcci-10142mMAINtBOOKlON-SHELF15511 c156953d156953